Kế hoạch kinh doanh

Сохранить в:
Библиографические подробности
Главный автор: PHẠM TUẤN CƯỜNG
Формат:
Язык:Undetermined
Опубликовано: Tp. HCM ĐHQG 2002
Предметы:
Метки: Добавить метку
Нет меток, Требуется 1-ая метка записи!
Thư viện lưu trữ: Trung tâm Học liệu Trường Đại học Cần Thơ
LEADER 00462nam a2200169Ia 4500
001 CTU_48566
008 210402s9999 xx 000 0 und d
082 |a 658.401 
082 |b Th523 
100 |a PHẠM TUẤN CƯỜNG 
245 0 |a Kế hoạch kinh doanh 
245 0 |c PHẠM TUẤN CƯỜNG 
260 |a Tp. HCM 
260 |b ĐHQG 
260 |c 2002 
650 |a strategic planning 
980 |a Trung tâm Học liệu Trường Đại học Cần Thơ